000 01183nam a2200301 4500
001 0000018886
003 CO-CtgCURN
005 20250429224120.0
007 ta
008 160627s1996 000 0 eng d
020 _a8471336618
040 _aCO-CtgCURN
_bspa
_ccoctgcurn
082 0 _a371
_bB17
100 1 _aBarrio Valencia, J.L.
245 1 0 _aEstudio de caso :
_bla escritura y el ordenador en un aula de educación infantil /
_cJ.L. Barrio Valencia y Gloria Dominguez Chillon.
260 _aMadrid :
_bLa Muralla,
_c1996.
300 _a286 p. : il.
336 _2rdacontent
337 _2rdamedia
_asin mediacion
_bn
338 _2rdacarrier
_avolumen
_bnc
500 _aNotas a pie de pagina.
505 8 _aDiseño inicial de la investigación.--Proceso de negociacion.--El trabajo de campo.--La recogida de datos.--El análisis de los datos y el papel de la teoria.--La vida en el aula.--El barrio y el colegio.--La Introducción del ordenador en el aula
650 1 4 _aEducación de niños.
700 1 _aDominguez Chilon, Gloria.
908 _a160627
942 _cBK
_h371
_iB17
_2ddc
999 _c39417
_d39417